Detalles MARC
| 000 -LEADER |
| campo de control de longitud fija |
04327nam a22003374504500 |
| 003 - IDENTIFICADOR DE NÚMERO DE CONTROL |
| campo de control |
PE-LiUPU |
| 005 - FECHA Y HORA DE LA ÚLTIMA TRANSACCIÓN |
| campo de control |
20260326160757.0 |
| 008 - DATOS DE LONGITUD FIJA--INFORMACIÓN GENERAL |
| campo de control de longitud fija |
260201s2026 pe 000 0 spa d |
| 020 ## - NÚMERO INTERNACIONAL ESTÁNDAR DEL LIBRO |
| Número Internacional Estándar del Libro |
9786123226565 |
| 035 ## - NÚMERO DE CONTROL DEL SISTEMA |
| Número de control de sistema |
PE-LiUPU000005 |
| 040 ## - FUENTE DE CATALOGACIÓN |
| Centro catalogador/agencia de origen |
PE-LiUPU |
| Lengua de catalogación |
spa |
| Centro/agencia transcriptor |
PE-LiUPU |
| Normas de descripción |
rda |
| 041 0# - CÓDIGO DE IDIOMA |
| Código de lengua del texto/banda sonora o título independiente |
spa |
| 082 04 - NÚMERO DE LA CLASIFICACIÓN DECIMAL DEWEY |
| Número de clasificación |
657.044 |
| Cutter |
F385a |
| Número de edición |
20 |
| 100 1# - ENTRADA PRINCIPAL--NOMBRE DE PERSONA |
| Nombre de persona |
Ferrer Quea, Alejandro, |
| Término indicativo de función/relación |
autor. |
| 9 (RLIN) |
8293 |
| 245 10 - MENCIÓN DEL TÍTULO |
| Título |
Análisis y aplicación del PCGE modificado concordado con las NIIF / |
| Mención de responsabilidad, etc. |
Alejandro Ferrer Quea. |
| 250 ## - MENCION DE EDICION |
| Mención de edición |
Primera edición. |
| 264 #1 - PRODUCCIÓN, PUBLICACIÓN, DISTRIBUCIÓN, FABRICACIÓN Y COPYRIGHT |
| Producción, publicación, distribución, fabricación y copyright |
Lima : |
| Nombre del de productor, editor, distribuidor, fabricante |
Instituto Pacífico S.A.C., |
| Fecha de producción, publicación, distribución, fabricación o copyright |
2026. |
| 300 ## - DESCRIPCIÓN FÍSICA |
| Extensión |
863 páginas : |
| Otras características físicas |
ilustraciones ; |
| Dimensiones |
24 cm |
| 336 ## - TIPO DE CONTENIDO |
| Término de tipo de contenido |
text |
| Fuente |
rdacontent |
| 337 ## - TIPO DE MEDIO |
| Nombre/término del tipo de medio |
unmediated |
| Fuente |
rdamedia |
| 338 ## - TIPO DE SOPORTE |
| Nombre/término del tipo de soporte |
volume |
| Fuente |
rdacarrier |
| 504 ## - NOTA DE BIBLIOGRAFÍA, ETC. |
| Nota de bibliografía, etc. |
Incluye referencias. |
| 505 0# - NOTA DE CONTENIDO CON FORMATO |
| Nota de contenido con formato |
PLAN CONTABLE GENERAL EMPRESARIAL (PCGE) MODIFICADO – Contabilidad global y las NIIF – Plan contable general empresarial (PCGE) – Características del PCGE Modificado – Cuadro contable – ACTIVO DISPONIBLE Y EXIGIBLE – Efectivo y equivalentes de efectivo – Inversiones financieras – Cuentas por cobrar comerciales-Terceros – Cuentas por cobrar comerciales-Relacionadas – Cuentas por cobrar al personal, a los accionistas (socios) y directores – Cuentas por cobrar diversas-Terceros – Cuentas por cobrar diversas-Relacionadas – Servicios y otros contratos por anticipado – Estimación de cuentas de cobranza dudosa – ACTIVO REALIZABLE – Mercaderías – Productos terminados – Subproductos, desechos y desperdicios – Productos en proceso – Materias primas – Materias auxiliares, suministros y repuestos – Envases y embalajes – Activos no corrientes mantenidos para la venta – Inventarios por recibir – Desvalorización de inventarios – ACTIVO INMOVILIZADO -- Inversiones mobiliarias – Propiedades de inversión – Activos por derecho de uso – Propiedad, planta y equipo – Intangibles – Activos biológicos – Desvalorización de activo inmovilizado – Activo diferido – Otros activos – Depreciación y amortización acumulados -- PASIVO – Tributos, contraprestaciones y aportes al sistema público de pensiones y de salud por pagar – Remuneraciones y participaciones por pagar – Cuentas por pagar comerciales-Terceros – Cuentas por pagar comerciales-Relacionadas – Cuentas por pagar a los accionistas (socios partícipes) y directores – Obligaciones financieras – Cuentas por pagar diversas-Terceros – Cuentas por pagar diversas-Relacionadas – Provisiones – Pasivo diferido – PATRIMONIO (NETO) – Capital – Acciones de inversión – Capital adicional – Resultados no realizados – Excedentes de revaluación – Reservas – Resultados acumulados – GASTOS POR NATURALEZA – Compras – Variación de inventarios – Gastos de gestión – Pérdida por medición de activos no financieros al valor razonable – Gastos financieros – Costo de ventas – INGRESOS POR NATURALEZA – Ventas – Variación de la producción almacenada – Producción de activo inmovilizado – Descuentos, rebajas y bonificaciones obtenidos y concedidos – Otros ingresos de gestión – Ganancia por medición de activos no financieros al valor razonable – Ingresos financieros – Cargas cubiertas por provisiones – Cargas imputables a cuentas de costos y gastos – SALDOS INTERMEDIARIOS DE GESTIÓN Y DETERMINACIÓN DEL RESULTADO DEL EJERCICIO – Margen comercial – Producción del ejercicio – Valor agregado – Excedente bruto (insuficiencia bruta) de explotación – Resultado de explotación – Resultado antes de impuesto a las ganancias – Impuesto a las ganancias – Determinación del resultado del ejercicio. |
| 520 ## - RESUMEN, ETC. |
| Sumario, etc. |
El libro analiza la aplicación del Plan Contable General Empresarial modificado en concordancia con las Normas Internacionales de Información Financiera, mediante el desarrollo de casos prácticos y el estudio detallado de cada cuenta contable. |
| 650 14 - PUNTO DE ACCESO ADICIONAL DE MATERIA--TÉRMINO DE MATERIA |
| Término de materia o nombre geográfico como elemento de entrada |
Contabilidad |
| Subdivisión general |
Normas internacionales. |
| 9 (RLIN) |
4694 |
| 650 24 - PUNTO DE ACCESO ADICIONAL DE MATERIA--TÉRMINO DE MATERIA |
| Término de materia o nombre geográfico como elemento de entrada |
Normas internacionales de información financiera |
| 9 (RLIN) |
4699 |
| 650 24 - PUNTO DE ACCESO ADICIONAL DE MATERIA--TÉRMINO DE MATERIA |
| Término de materia o nombre geográfico como elemento de entrada |
Contabilidad |
| Subdivisión general |
Normas |
| Subdivisión geográfica |
Perú |
| 9 (RLIN) |
8287 |
| 650 24 - PUNTO DE ACCESO ADICIONAL DE MATERIA--TÉRMINO DE MATERIA |
| Término de materia o nombre geográfico como elemento de entrada |
Plan Contable General Empresarial (Perú) |
| 9 (RLIN) |
8286 |
| 942 ## - ELEMENTOS DE ENTRADA SECUNDARIOS (KOHA) |
| Fuente del sistema de clasificación o colocación |
Clasificación Decimal Dewey |
| Tipo de ítem Koha |
Libros físicos |
| 980 ## - EQUIVALENCIA O REFERENCIA-CRUZADA-MENCIÓN DE SERIE--NOMBRE DE PERSONA/TÍTULO [LOCAL, CANADÁ] |
| ID del usuario creador del registro |
18228 |
| Nombre del creador del registro |
Hugo Fernandez |
| ID del último usuario que modificó el registro |
18226 |
| Nombre del último usuario que modificó el registro |
Jaime Vilcazán Jefe de Análisis Documental |